000 01745cam a22004694i 4500
003 PE-LiUPU
005 20250731173531.0
008 150616s r 000 0 d
020 _a080102014X
035 _a(Sirsi) i9780801020148
040 _aPE-LiUPU
_bspa
_cPE-LiUPU
_erda
049 _aPRUA
082 0 4 _a222.1106
_bH47
_221
100 1 _aHess, R. S.,
_eautor.
245 1 0 _aHe Swore an Oath /
_cR. S. Hess.
264 1 _aGrand Rapids, Michigan :
_bBaker Book House,
_c1994.
300 _a222 páginas ;
_c22 centímetros
336 _atext
_2rdacontent
337 _aunmediated
_2rdamedia
338 _avolume
_2rdacarrier
505 0 _aAbraham re-assessed theologically.- "You are Habraham's offspring, my friend".- The slaughter of the animals in Genesis 15.- Genesis 12-50 in the near eastern world.- Abraham and Melchizedek.- Shared vocabulary in the Pentateuch and the book of Daniel.- The face at the bottom of the well.
526 _aSEG42
526 _aSEG41
526 _aSEG40
526 _aSEG39
526 _aP94
526 _aP87
526 _aP86
526 _aP85
526 _aP77
526 _aP76
526 _aP35
630 _aBiblia.
_pA.T.
_PG énesis
_xCrítica, interpretación, etc.
650 0 4 _a
910 _ajck
_bjvq
_cjck
942 _2ddc
_cBOOK
949 _a222.1106 H47
_wDEWEY
_c1
_i42280
_lCCODEBUL1
_mBUL
_r0
_sY
_tBOOK
_u2015-6-16
_xTEOLOGIA
_zUNKNOWN
_0COMPRA
_o.STAFF. Colección General
994 _aC0
_bPEPRU
596 _a1
999 _a222.1106 H47
_wDEWEY
_c60111
_i42280
_f2021-11-9
_g6
_lCCODEBUL1
_mBUL
_r0
_sY
_tBOOK
_u2015-6-16
_xTEOLOGIA
_zUNKNOWN
_0COMPRA
_o.STAFF. Colección General
_d60111
980 _81
_gALBERTO SANCHEZ Responsable de Automatización